[Event "Charleroi op"]
[Site "Charleroi"]
[Date "2013.07.27"]
[Round "1"]
[White "Sarrau, Jelle"]
[Black "Herpigny, Yves"]
[Result "1-0"]
[WhiteElo "2305"]
[BlackElo "1743"]
[PlyCount "65"]
[EventDate "2013.07.27"]
[EventType "swiss"]
[EventRounds "9"]
[EventCountry "BEL"]
[SourceTitle "CBM 155 Extra"]
[Source "ChessBase"]
[SourceDate "2013.08.26"]
[SourceVersion "1"]
[SourceVersionDate "2013.08.26"]
[SourceQuality "1"]

1. d4 d6 2. c4 e5 3. d5 f5 4. e4 Nf6 5. exf5 Bxf5 6. Nc3 Be7 7. Nge2 0-0 8. Ng3 Bd7 9. Bd3 c6 10. 0-0 Na6 11. a3 Nc7 12. Bg5 Nfe8 13. Be3 Nf6 14. Nge4 Bf5 15. Nxf6+ Rxf6 16. Bxf5 Rxf5 17. Qd3 Rf8 18. dxc6 bxc6 19. Rfd1 Ne8 20. b4 Nf6 21. h3 Qc7 22. Rac1 Rad8 23. b5 Rb8 24. Qf5 Rb7 25. a4 Kh8 26. Qd3 Qc8 27. a5 Rd7 28. Ne4 Nxe4 29. Qxe4 Rc7 30. Rb1 cxb5 31. cxb5 Rc4 32. Qd5 Qc7 33. b6 1-0

[Event "Charleroi op"]
[Site "Charleroi"]
[Date "2012.07.28"]
[Round "1"]
[White "Herpigny, Yves"]
[Black "Van Mechelen, Jan"]
[Result "0-1"]
[WhiteElo "1750"]
[BlackElo "2247"]
[PlyCount "62"]
[EventDate "2012.07.28"]
[EventType "swiss"]
[EventRounds "9"]
[EventCountry "BEL"]
[SourceTitle "CBM 149 Extra"]
[Source "ChessBase"]
[SourceDate "2012.08.24"]
[SourceVersion "1"]
[SourceVersionDate "2012.08.24"]
[SourceQuality "1"]

1. e4 c5 2. Nc3 Nc6 3. f4 g6 4. Nf3 Bg7 5. Bb5 Nd4 6. 0-0 Nxb5 7. Nxb5 d6 8. d3 Nf6 9. Nc3 b6 10. Qe1 Bb7 11. h3 Qd7 12. Bd2 Qc6 13. Nd1 h6 14. Ne3 0-0-0 15. a4 d5 16. e5 Nh5 17. Qh4 d4 18. Nc4 Bf8 19. b3 Ng7 20. Bc1 Nf5 21. Qf2 f6 22. Re1 Bg7 23. Ncd2 Ne3 24. Ne4 f5 25. Ng3 Nd5 26. Bd2 e6 27. Re2 Bf8 28. Nf1 Be7 29. Kh2 Rdg8 30. Ne1 g5 31. Ng3 g4 0-1

[Event "Charleroi op"]
[Site "Charleroi"]
[Date "2011.08.02"]
[Round "5"]
[White "Geboers, Jimmy"]
[Black "Herpigny, Yves"]
[Result "1-0"]
[WhiteElo "1968"]
[BlackElo "1758"]
[PlyCount "27"]
[EventDate "2011.07.30"]
[EventType "swiss"]
[EventRounds "9"]
[EventCountry "BEL"]
[SourceTitle "EXT 2012"]
[Source "ChessBase"]
[SourceDate "2011.11.24"]
[SourceVersion "1"]
[SourceVersionDate "2011.11.24"]
[SourceQuality "1"]

1. d4 d6 2. c4 e5 3. dxe5 dxe5 4. Qxd8+ Kxd8 5. Nc3 Be6 6. e4 f6 7. Be3 Nd7 8. 0-0-0 c6 9. g3 Kc7 10. Bh3 Bxh3 11. Nxh3 Nh6 12. f3 Nf7 13. Nf2 Bc5 14. Rxd7+ 1-0

[Event "Roux CREC op"]
[Site "Roux"]
[Date "2009.07.26"]
[Round "1"]
[White "Hody, Pierre"]
[Black "Herpigny, Yves"]
[Result "1-0"]
[WhiteElo "2128"]
[BlackElo "1764"]
[PlyCount "107"]
[EventDate "2009.07.25"]
[EventType "swiss"]
[EventRounds "9"]
[EventCountry "BEL"]
[SourceTitle "EXT 2010"]
[Source "ChessBase"]
[SourceDate "2010.11.25"]
[SourceVersion "1"]
[SourceVersionDate "2010.11.25"]
[SourceQuality "1"]

1. e4 d6 2. d4 Nf6 3. Nc3 e5 4. Nf3 Nbd7 5. Bc4 Be7 6. 0-0 0-0 7. Qe2 c6 8. a4 b6 9. Rd1 Qc7 10. d5 c5 11. a5 Qb8 12. a6 Qc7 13. Bb5 Nb8 14. h3 Bd7 15. Bc4 Rd8 16. Kh2 h6 17. Nh4 Nh7 18. Nf5 Bf8 19. Qg4 Kh8 20. Qh4 Bxf5 21. exf5 Qe7 22. Qxe7 Bxe7 23. Bb5 Nf6 24. f3 Ne8 25. f4 f6 26. fxe5 fxe5 27. g4 Nc7 28. Bc4 Nd7 29. Kg3 Rab8 30. Nb5 Nxb5 31. Bxb5 Nf6 32. Ra4 Rbc8 33. h4 Nh7 34. Re4 Rc7 35. Bc6 Rf8 36. Be3 Kg8 37. Ra4 Kh8 38. b4 Rd8 39. bxc5 dxc5 40. Re4 Bd6 41. g5 Rf8 42. Rf1 Rcf7 43. Kg4 h5+ 44. Kxh5 Rxf5 45. Rxf5 Rxf5 46. Bb5 Nf6+ 47. Kg6 Rxg5+ 48. hxg5 Nxe4 49. Kf7 Nc3 50. Bc6 Ne4 51. g6 Nf6 52. Bg5 Ng4 53. Bd7 Nf2 54. Bf6 1-0